Kontrolný systém v investičnej výstavbe 2 Zborník 6/86

Enregistré dans:
Détails bibliographiques
Format: Livre
Langue:slovaque
Publié: Bratislava Alfa 1986
Édition:1. vyd.
Tags: Ajouter un tag
Pas de tags, Soyez le premier à ajouter un tag!

MARC

LEADER 00000nam a2200000 4500
001 c024549
005 20221219100538.5
041 0 |a slo 
044 |a SK 
245 1 0 |a Kontrolný systém v investičnej výstavbe 2  |b Zborník 6/86 
250 |a 1. vyd. 
264 1 |a Bratislava  |b Alfa  |c 1986 
300 |a 50 s.